|
|
|
|
| LEADER |
00000nab a2200000 a 4500 |
| 001 |
vtls011698880 |
| 003 |
SK-MaSNL |
| 005 |
20260303231106.0 |
| 008 |
170623c2016 xo wr n 0 0slo |
| 038 |
|
|
|a SLLK
|
| 040 |
|
|
|a SLLK
|b slo
|c sllk
|e AACR2
|
| 041 |
|
|
|a slo
|
| 044 |
|
|
|a xo
|c SK
|
| 080 |
|
|
|a 373.3:75/78
|2 2011
|
| 245 |
0 |
0 |
|a Základná umelecká škola rozvíja talenty už 60 rokov
|c Text (hm) ; foto (archív ZUŠ J. Melkoviča)
|
| 300 |
|
|
|b Fotogr.
|
| 610 |
2 |
7 |
|a Základná umelecká škola Jána Melkoviča (Stará Ľubovňa, Slovensko)
|2 sllk
|9 1084316
|
| 648 |
|
7 |
|a 2016
|2 sllk
|9 339798
|
| 650 |
0 |
7 |
|a jubileá
|2 sllk
|9 29624
|
| 650 |
0 |
7 |
|a umelecké školy
|2 sllk
|9 29319
|
| 650 |
0 |
7 |
|a školstvo
|2 sllk
|9 19712
|
| 651 |
|
7 |
|a Stará Ľubovňa (Slovensko)
|2 sllk
|9 19193
|
| 773 |
0 |
|
|t Ľubovnianske noviny
|g Roč. XLI., č. 46 (2016), s. 5
|x 1338-0346
|
| 999 |
|
|
|c 2265128
|d 2267058
|